000 02194cam a22005534i 4500
003 PE-LiUPU
005 20250731173116.0
008 190409s2015 sp a r 000 0 spa d
020 _a8415832249
020 _a9788415832249
035 _a(Sirsi) i9788415832249
035 _a(OCoLC)904715195
_z(OCoLC)1026276241
_z(OCoLC)1026377754
040 _aPE-LiUPU
_bspa
_cPE-LiUPU
_erda
041 1 _aspa
_heng
049 _aPRUA
082 0 4 _a261.55
_bJ72
_220
100 1 _aJones, Steve,
_d1944-,
_eautor.
245 1 0 _aCiencia y creencia :
_bla promesa de la serpiente /
_cSteve Jones ; traducción de Miguel Ros González.
250 _aPrimera edición.
261 1 _aMadrid :
_bTurner,
_c2015.
300 _a359 páginas :
_bilustraciones ;
_c22 centímetros.
336 _atext
_2rdacontent
337 _aunmediated
_2rdamedia
338 _avolume
_2rdacarrier
490 0 _aTurner noema
505 0 _aIntroducción -- Al principio -- Los campos de juego del Edén -- La batalla de los sexos -- Hasta Matusalén No os preocupéis del mañana -- Hasta los confines de la tierra -- La campana del leproso -- Las salchichas de Zuinglio -- El color del cristal.
526 _aSEG42
526 _aSEG41
526 _aSEG40
526 _aSEG39
526 _aP94
526 _aP87
526 _aP86
526 _aP85
526 _aP77
526 _aP76
526 _aP35
534 _pTítulo original :
_tThe serpent's promise.
541 _gF025-56;
650 4 _aReligión y ciencia.
650 7 _aBiblia y ciencia.
_2embne
700 1 _aRos Gonzáles, Miguel,
_etraductor.
910 _adbm
_bjpc
_cjpc
_d20190409
942 _2ddc
_cBOOK
949 _a261.55 J72
_wDEWEY
_c1
_i80215
_lCATALOGING
_mBUL
_p30.00
_r0
_sY
_tBOOK
_u2019-04-09
_xPOSGRADO
_zP83
_0COMPRA
_o.STAFF. Colección Ciencias de la Salud
994 _aC0
_bPEPRU
596 _a1
999 _a261.55 J72
_wDEWEY
_c31342
_i80215
_f2021-11-10
_g3
_lCCODEBUL1
_mBUL
_p30.00
_r0
_sY
_tBOOK
_u2019-4-9
_xTEOLOGIA
_PP83
_0COMPRA
_1FCOMPR2
_o.STAFF. Colección Ciencias de la Salud
_d31342
980 _81
_gALBERTO SANCHEZ Responsable de Automatización